Hospodářská politika

Gespeichert in:
Bibliographische Detailangaben
1. Verfasser: Kliková, Christiana
Weitere Verfasser: Kotlán, Igor
Format: Buch
Sprache:Tschechisch
Veröffentlicht: Ostrava SOKRATES 2003
Schlagworte:
Tags: Tag hinzufügen
Keine Tags, Fügen Sie das erste Tag hinzu!

MARC

LEADER 00000nam$a2200000$$$4500
001 0031583
005 20240306141411.2
020 |a 80-86572-04-8 
041 0 |a cze 
044 |a CZ 
245 1 0 |a Hospodářská politika  |c Christiana Kliková, Igor Kotlán 
264 1 |a Ostrava  |b SOKRATES  |c 2003 
300 |a 275 s. 
610 2 0 |a politika hospodárska 
610 2 0 |a keynesizmus 
610 2 0 |a politika fiškálna 
610 2 0 |a politika menová 
610 2 0 |a politika štruktúrna 
610 2 0 |a politika sociálna 
610 2 0 |a politika zamestnanosti 
610 2 0 |a politika regionálna 
610 2 0 |a politika environmentálna 
610 2 0 |a politika ekologická 
610 2 0 |a súťaž hospodárska 
610 2 0 |a hospodárstvo trhové 
610 2 0 |a porovnanie medzinárodné 
610 2 0 |a Veľká Británia 
610 2 0 |a USA 
610 2 0 |a Francúzsko 
610 2 0 |a Nemecko 
610 2 0 |a Švédsko 
610 2 0 |a Japonsko 
610 2 0 |a Európska únia 
610 2 0 |a únie hospodárske 
610 2 0 |a únie menové 
610 2 0 |a Česko 
100 1 |a Kliková, Christiana 
700 1 |a Kotlán, Igor